[Event "Tournoi Skype 010"]
[Site "Skype"]
[Date "????.??.??"]
[Round "2.24"]
[White "Prasad Singh, Ambika"]
[Black "Duthoit, Bernard"]
[Result "1-0"]
[WhiteElo "1330"]
[BlackElo "1517"]
[PlyCount "119"]

1. e4 e6 2. d4 d5 3. Nc3 c5 4. Nf3 Nc6 5. Be3 Qb6 6. Rb1 cxd4 7. Nxd4 Nxd4 8.
Bxd4 Bc5 9. Bxc5 Qxc5 10. Bb5+ Bd7 11. Bxd7+ Kxd7 12. exd5 Nf6 13. dxe6+ Kxe6
14. Qe2+ Qe5 15. Rd1 Qxe2+ 16. Kxe2 Rac8 17. Rd3 Ng4 18. Rhd1 Ne5 19. Re3 Kf6
20. Ne4+ Kg6 21. Rg3+ Kh6 22. c3 Rhd8 23. Nd6 Rb8 24. Rd4 g6 25. Re3 Rxd6 26.
Rxe5 Rxd4 27. cxd4 Rc8 28. Kd2 Kg7 29. Re7 Rd8 30. Kd3 Rd6 31. Rxb7 Ra6 32. a3
Kf6 33. f4 Ke6 34. g4 h6 35. h4 Ra5 36. Kc4 Ra4+ 37. Rb4 Ra5 38. Rb5 Ra6 39.
Kc5 Rd6 40. b4 Rd5+ 41. Kc4 Rxb5 42. Kxb5 Kd5 43. a4 Kxd4 44. Ka6 Ke4 45. Kxa7
Kxf4 46. b5 Kxg4 47. b6 Kxh4 48. b7 h5 49. b8=Q g5 50. Qf8 g4 51. Qxf7 Kh3 52.
Qf1+ Kg3 53. Kb6 h4 54. a5 h3 55. a6 Kh4 56. a7 g3 57. a8=Q g2 58. Qf2+ Kg4 59.
Qg8+ Kh5 60. Qf5+ 1-0

[Event "Tournoi Skype 010"]
[Site "Skype"]
[Date "????.??.??"]
[Round "2.25"]
[White "De Coninck, Philippe"]
[Black "Philibert, Andre"]
[Result "1-0"]
[WhiteElo "1510"]
[BlackElo "1358"]
[PlyCount "37"]

1. e4 e5 2. Nf3 d6 3. d4 exd4 4. Nxd4 Nf6 5. Nc3 Be7 6. Bc4 O-O 7. Bd3 Bd7 8.
O-O Nc6 9. Nf3 Re8 10. Nd5 Be6 11. Nxf6+ Bxf6 12. h4 h5 13. Bg5 Ne5 14. Nxe5
dxe5 15. Qxh5 Qc8 16. Be2 Bg4 17. Bxg4 g6 18. Bxc8 gxh5 19. Bxf6 1-0

[Event "Tournoi Skype 010"]
[Site "Skype"]
[Date "????.??.??"]
[Round "2.26"]
[White "Mulrooney, Justin"]
[Black "L'Herbon De Lussats, Jean"]
[Result "1-0"]
[WhiteElo "1300"]
[BlackElo "1509"]
[PlyCount "117"]

1. d4 d5 2. c4 c6 3. Nf3 Nf6 4. Nc3 h6 5. e3 Bg4 6. Be2 Nbd7 7. cxd5 cxd5 8. h3
Bxf3 9. Bxf3 Nb6 10. O-O e6 11. b3 Qc7 12. Bb2 Bd6 13. Kh1 O-O 14. Nb5 Qb8 15.
Nxd6 Qxd6 16. a4 Rfe8 17. Be2 a6 18. Ba3 Qc7 19. Rc1 Qb8 20. a5 Nbd7 21. b4 b5
22. axb6 Qxb6 23. Qa4 e5 24. Rc6 Qb8 25. Rxa6 exd4 26. Bb5 Rd8 27. exd4 Rxa6
28. Qxa6 Qb6 29. Qxb6 Nxb6 30. Bc6 Nc4 31. Bc1 Nd6 32. Be3 Nf5 33. Ra1 Ne4 34.
Kg1 Nc3 35. Ra8 Rxa8 36. Bxa8 Ne7 37. Kf1 g5 38. Ke1 Kg7 39. Bb7 f5 40. Ba6 f4
41. Bd2 Ne4 42. Bc1 Nf5 43. Bb2 Kf6 44. b5 Ke7 45. Ba3+ Kd7 46. Bc5 Nfd6 47. b6
Kc6 48. f3 Nxc5 49. dxc5 Nb7 50. Bxb7+ Kxb7 51. Kd2 Kc6 52. Kd3 h5 53. Kd4 h4
54. b7 Kxb7 55. Kxd5 Kc7 56. c6 g4 57. fxg4 Kd8 58. Kd6 Kc8 59. g5 1-0

[Event "Tournoi Skype 010"]
[Site "Skype"]
[Date "????.??.??"]
[Round "2.27"]
[White "Galani, Mahendra"]
[Black "Porcabeuf, Jean-Marc"]
[Result "1-0"]
[WhiteElo "1491"]
[BlackElo "1291"]
[PlyCount "71"]

1. e4 e6 2. d4 d5 3. e5 c5 4. c3 Ne7 5. Nf3 a6 6. Qa4+ b5 7. Bxb5+ Bd7 8. Bxd7+
Nxd7 9. Bg5 Qb8 10. b3 Ng6 11. O-O Be7 12. Bxe7 Nxe7 13. dxc5 O-O 14. Qxd7 Ra7
15. Qa4 Ng6 16. Re1 f6 17. Qd4 Raf7 18. exf6 Rxf6 19. Nbd2 Rf4 20. Qe3 Qe8 21.
Rf1 Qe7 22. g3 R4f5 23. b4 h5 24. Nd4 Re5 25. Qd3 h4 26. Qxg6 hxg3 27. hxg3 Rf6
28. Qd3 Rh6 29. Nc6 Qe8 30. Nxe5 Qh5 31. Kg2 Qh3+ 32. Kf3 Rf6+ 33. Ke2 Qh5+ 34.
Nef3 e5 35. Qxd5+ Kh7 36. Rh1 1-0

[Event "Tournoi Skype 010"]
[Site "Skype"]
[Date "????.??.??"]
[Round "2.28"]
[White "Gabriele, Noel"]
[Black "Belouin, Bruno"]
[Result "0-1"]
[WhiteElo "1299"]
[BlackElo "1490"]
[PlyCount "23"]

1. e4 e6 2. d4 Nf6 3. e5 Nd5 4. c3 d6 5. Nf3 Nc6 6. Bg5 Be7 7. Qd2 f6 8. Bh4
dxe5 9. dxe5 fxe5 10. Bd3 Qd7 11. O-O Nf4 12. Nxe5 0-1

[Event "Tournoi Skype 010"]
[Site "Skype"]
[Date "????.??.??"]
[Round "2.29"]
[White "Martin, Jean-Claude"]
[Black "Briere, Jean"]
[Result "0-1"]
[WhiteElo "1290"]
[BlackElo "1465"]
[PlyCount "80"]

1. d4 d5 2. c4 e6 3. Nc3 Nf6 4. Bg5 Bb4 5. Nf3 O-O 6. e3 h6 7. Bh4 Nbd7 8. Bd3
Bxc3+ 9. bxc3 c5 10. O-O Re8 11. Qc2 Qc7 12. Bg3 Qc6 13. Ne5 Nxe5 14. Bxe5 Ng4
15. Bg3 b6 16. Rab1 Bb7 17. cxd5 exd5 18. Bb5 Qf6 19. Bxe8 Rxe8 20. dxc5 Qc6
21. Qd2 d4 22. f3 dxe3 23. Qe1 e2 24. Rf2 Nxf2 25. Qxf2 g5 26. h3 bxc5 27. Re1
Ba6 28. Kh2 Bc4 29. a3 a5 30. f4 gxf4 31. Qxf4 Qe6 32. Qg4+ Qxg4 33. hxg4 Re3
34. Rc1 Kg7 35. Bf2 Re5 36. Kg3 f6 37. Kf4 Kg6 38. Rb1 Bd3 39. Re1 Re4+ 40. Kf3
c4 0-1

[Event "Tournoi Skype 010"]
[Site "Skype"]
[Date "????.??.??"]
[Round "2.30"]
[White "Saidi, Bhen"]
[Black "Picard, Mario"]
[Result "1-0"]
[WhiteElo "1465"]
[BlackElo "1250"]
[PlyCount "125"]

1. e4 e5 2. Nf3 Nc6 3. c3 Nf6 4. d3 Be7 5. Be2 O-O 6. Be3 b6 7. Nbd2 d5 8. O-O
d4 9. cxd4 exd4 10. Bf4 Bg4 11. Rc1 Bd7 12. Ne5 Nxe5 13. Bxe5 c5 14. Bg3 Be6
15. b3 a5 16. Bf3 Rc8 17. e5 Nd7 18. Ne4 Bd5 19. Nd6 Bxf3 20. Qxf3 Rc7 21. Nf5
Bg5 22. Qg4 g6 23. f4 gxf5 24. Qxf5 Be7 25. Qg4+ Kh8 26. f5 Rg8 27. Qe4 Nf8 28.
e6 Rxg3 29. hxg3 fxe6 30. fxe6 Qd6 31. Rf7 Qxg3 32. Rxf8+ Bxf8 33. Rf1 Qg8 34.
Qe5+ Bg7 35. Qxc7 Qxe6 36. Qb8+ Qg8 37. Qxg8+ Kxg8 38. g4 b5 39. Re1 a4 40.
Re8+ Kf7 41. Rb8 axb3 42. axb3 c4 43. bxc4 bxc4 44. dxc4 d3 45. Rd8 Kg6 46.
Rxd3 Kg5 47. Rd7 Bh8 48. Rxh7 Bd4+ 49. Kg2 Kxg4 50. Rd7 Be3 51. Rd3 Bc5 52. Kf1
Kf4 53. Ke2 Ke4 54. Rd5 Bb6 55. Kd2 Ba7 56. Kc2 Bb6 57. Kb3 Ba7 58. Kb4 Bb6 59.
Kb5 Ba7 60. Rd7 Be3 61. Rh7 Bd4 62. Re7+ Kd3 63. Rd7 1-0

[Event "Tournoi Skype 010"]
[Site "Skype"]
[Date "????.??.??"]
[Round "2.31"]
[White "Mordaa, Ahmad"]
[Black "Martin, Elise"]
[Result "1-0"]
[WhiteElo "1457"]
[BlackElo "1196"]
[PlyCount "51"]

1. Nf3 d5 2. c4 Nf6 3. g3 e6 4. b3 Bc5 5. Bb2 Qe7 6. d4 Bb4+ 7. Nc3 Nc6 8. a3
Ba5 9. b4 Bb6 10. c5 Bxc5 11. bxc5 Qxc5 12. dxc5 O-O 13. Bg2 e5 14. O-O Re8 15.
Nb5 Re7 16. Nh4 Be6 17. Qc2 a6 18. Qa4 Rae8 19. Nc3 e4 20. Rad1 Bc8 21. Nxd5
Nxd5 22. Rxd5 e3 23. fxe3 Rxe3 24. Qf4 Rxe2 25. Qxf7+ Kh8 26. Qxg7# 1-0

[Event "Tournoi Skype 010"]
[Site "Skype"]
[Date "????.??.??"]
[Round "2.32"]
[White "Armingaud, Jean-Claude"]
[Black "Belouin, Alexis"]
[Result "0-1"]
[WhiteElo "1142"]
[BlackElo "1422"]
[PlyCount "60"]

1. e4 d5 2. exd5 Qxd5 3. Nc3 Qe5+ 4. Nge2 Nf6 5. d4 Qf5 6. g3 Qf3 7. Bg2 Qxg2
8. Kd2 Qxf2 9. Qf1 Qf5 10. h3 g6 11. g4 Bh6+ 12. Kd1 Qxf1+ 13. Rxf1 Bxc1 14.
Rxc1 g5 15. Nb5 Na6 16. c4 c6 17. Nbc3 h5 18. h4 gxh4 19. gxh5 Rxh5 20. Rh1 Ng4
21. Nf4 Rh6 22. Kd2 Bf5 23. Rce1 O-O-O 24. Rxe7 Rxd4+ 25. Kc1 Rxf4 26. Rxf7 Nf2
27. Rf8+ Kc7 28. Rh2 h3 29. Kd2 Ng4 30. Rxh3 Rxh3 0-1

[Event "Tournoi Skype 010"]
[Site "Skype"]
[Date "????.??.??"]
[Round "2.33"]
[White "Cossalter, Maurizio"]
[Black "Marty, Yvette"]
[Result "1-0"]
[WhiteElo "1422"]
[BlackElo "1000"]
[PlyCount "33"]

1. Nf3 Nc6 2. d4 d5 3. c4 e6 4. e3 Nf6 5. Nc3 b6 6. Bd3 Bb4 7. O-O O-O 8. Qc2
Bd6 9. e4 Bb7 10. e5 Nd7 11. exd6 cxd6 12. Bxh7+ Kh8 13. cxd5 exd5 14. Nxd5 g6
15. Bxg6 fxg6 16. Qxg6 Rg8 17. Qh6# 1-0

[Event "Tournoi Skype 010"]
[Site "Skype"]
[Date "????.??.??"]
[Round "2.35"]
[White "Vervoort, Jean-Louis"]
[Black "Coruble, Didier"]
[Result "0-1"]
[WhiteElo "1269"]
[BlackElo "1402"]
[PlyCount "52"]

1. e4 Nc6 2. Nf3 d6 3. Nc3 Bg4 4. d3 Ne5 5. Be2 Nxf3+ 6. Bxf3 Bxf3 7. Qxf3 e5
8. O-O c6 9. Re1 Qf6 10. b3 Qxf3 11. gxf3 O-O-O 12. f4 f6 13. fxe5 fxe5 14. Bg5
Nf6 15. Rad1 Be7 16. Rd2 Rd7 17. Red1 Bd8 18. a3 Rf7 19. b4 b5 20. a4 a6 21.
axb5 axb5 22. Ra1 Kb7 23. Nd1 Bb6 24. c3 Ng4 25. Rda2 Rhf8 26. Ra7+ Bxa7 0-1

[Event "Tournoi Skype 010"]
[Site "Skype"]
[Date "????.??.??"]
[Round "2.36"]
[White "Rival, Jocelyn"]
[Black "Cagri Gokcek, Alican"]
[Result "0-1"]
[WhiteElo "1155"]
[BlackElo "1399"]
[PlyCount "40"]

1. e4 e5 2. Nf3 Nc6 3. Bb5 Nd4 4. Ba4 Nxf3+ 5. Qxf3 Nf6 6. Bb3 Bc5 7. O-O d6 8.
d3 h6 9. Bd2 O-O 10. c3 Bg4 11. Qh3 Bxh3 12. gxh3 d5 13. Re1 dxe4 14. dxe4 Qd3
15. Be3 Nxe4 16. Bxc5 Nxc5 17. Rxe5 Qg6+ 18. Kf1 Nd3 19. Bd5 Nxe5 20. Bxb7 Qd3+
0-1

[Event "Tournoi Skype 010"]
[Site "Skype"]
[Date "????.??.??"]
[Round "2.37"]
[White "Capdeville, Bastien"]
[Black "Tamditi, Ibrahim"]
[Result "1-0"]
[WhiteElo "1399"]
[BlackElo "1209"]
[PlyCount "57"]

1. e4 d6 2. d3 e5 3. Nf3 Be7 4. Bg5 Bxg5 5. Nxg5 Qxg5 6. Qd2 Qd8 7. Be2 Nf6 8.
O-O O-O 9. Nc3 Bd7 10. a3 c5 11. b4 Na6 12. Rab1 Qb6 13. Na2 Be6 14. Ra1 Qc6
15. Bf3 d5 16. Rfe1 Rfd8 17. Qc1 dxe4 18. dxe4 Bxa2 19. Rxa2 Rd4 20. c3 Rd6 21.
Rd2 cxb4 22. Rxd6 Qxd6 23. Rd1 Qc6 24. cxb4 Nxe4 25. Qxc6 bxc6 26. Bxe4 Rc8 27.
Rd7 Ra8 28. Bxc6 Kf8 29. Bxa8 1-0

[Event "Tournoi Skype 010"]
[Site "Skype"]
[Date "????.??.??"]
[Round "2.38"]
[White "Coude, Josue"]
[Black "Gailans, Voldi"]
[Result "0-1"]
[WhiteElo "1146"]
[BlackElo "1399"]
[PlyCount "50"]

1. e4 e6 2. Nf3 d5 3. d3 c5 4. Bg5 Be7 5. c4 Bxg5 6. Nxg5 Qxg5 7. Qa4+ Bd7 8.
Qc2 Nf6 9. Be2 Qxg2 10. Rf1 dxe4 11. f3 exd3 12. Qxd3 Qxh2 13. Nd2 Nc6 14. b3
Nd4 15. Bd1 Bc6 16. a4 O-O-O 17. Ra2 Qe5+ 18. Ne4 Nxe4 19. fxe4 Bxe4 20. Qe3 f6
21. Rg1 Rd7 22. Rb2 Nf3+ 23. Bxf3 Bxf3 24. Rf1 Qxe3+ 25. Re2 Qxe2# 0-1

[Event "Tournoi Skype 010"]
[Site "Skype"]
[Date "????.??.??"]
[Round "2.39"]
[White "Leplumey, Gregory"]
[Black "Grasset, Xavier"]
[Result "0-1"]
[WhiteElo "1399"]
[BlackElo "1151"]
[PlyCount "46"]

1. a3 e5 2. c4 Nh6 3. Nf3 Qf6 4. Nh4 Qxh4 5. g3 Qxc4 6. d3 Qc6 7. a4 Qxh1 8.
Bxh6 gxh6 9. Na3 Bb4+ 10. Qd2 Bxd2+ 11. Kxd2 Rg8 12. e3 d6 13. Ra2 Qxf1 14. b3
Bg4 15. Rc2 Qe2+ 16. Kc1 Qe1+ 17. Kb2 Nc6 18. a5 Nxa5 19. b4 Qxb4+ 20. Ka2 Be6+
21. Ka1 Qxa3+ 22. Kb1 Nb3 23. d4 Qa1# 0-1

[Event "Tournoi Skype 010"]
[Site "Skype"]
[Date "????.??.??"]
[Round "2.40"]
[White "Milanese, Serge"]
[Black "Baker, Abi"]
[Result "1-0"]
[WhiteElo "1399"]
[BlackElo "1062"]
[PlyCount "41"]

1. e4 e6 2. d4 d5 3. e5 Nc6 4. Nf3 Bb4+ 5. c3 a5 6. Bb5 Bd7 7. a3 Qe7 8. cxb4
axb4 9. a4 Nh6 10. Bg5 f6 11. exf6 gxf6 12. Bxh6 Rg8 13. h3 Rxg2 14. Nbd2 O-O-O
15. Nb3 Rdg8 16. Qd3 f5 17. Ba6 R8g6 18. Qb5 bxa6 19. Qxa6+ Kb8 20. Nc5 Rxh6
21. Qb7# 1-0

[Event "Tournoi Skype 010"]
[Site "Skype"]
[Date "????.??.??"]
[Round "2.41"]
[White "Gagnon, Sindy"]
[Black "Yeter, Orhan"]
[Result "0-1"]
[WhiteElo "1077"]
[BlackElo "1399"]
[PlyCount "72"]

1. e4 e5 2. Nc3 Nf6 3. Bc4 Nc6 4. b3 a6 5. Nf3 b5 6. Bd3 Be7 7. O-O O-O 8. Bb2
Bb7 9. Re1 Nd4 10. Nxe5 d6 11. Ng4 Nh5 12. Ne2 Nf5 13. exf5 Bc8 14. Nd4 c5 15.
Nf3 Re8 16. c4 Nf6 17. cxb5 Nxg4 18. Qc2 axb5 19. Bxb5 Bd7 20. Bc4 Qc7 21. Qe4
Nf6 22. Qh4 d5 23. Be2 Bxf5 24. Ng5 Bd6 25. g4 Bg6 26. f4 Bxf4 27. Rad1 h6 28.
Nh3 Bxh2+ 29. Kg2 Be4+ 30. Bf3 Bg6 31. d4 Red8 32. Bxd5 Rxa2 33. dxc5 Rxb2+ 34.
Nf2 Rxd5 35. g5 Rxg5+ 36. Kf1 Rg1# 0-1

[Event "Tournoi Skype 010"]
[Site "Skype"]
[Date "????.??.??"]
[Round "2.42"]
[White "Pedneault, Anne-Frederique"]
[Black "Raheja, Shiv"]
[Result "0-1"]
[WhiteElo "1047"]
[BlackElo "1335"]
[PlyCount "36"]

1. e4 e5 2. Nf3 Nc6 3. c4 Nf6 4. Nc3 Bc5 5. d3 Ng4 6. h3 Nxf2 7. Qe2 Nxh1 8.
Bg5 f6 9. Bh4 g5 10. O-O-O gxh4 11. Nxh4 Ng3 12. Qg4 Qe7 13. Qxg3 d6 14. Nd5
Qf7 15. Nf5 Bxf5 16. exf5 O-O-O 17. d4 Rhg8 18. Qa3 Bxa3 0-1

[Event "Tournoi Skype 010"]
[Site "Skype"]
[Date "????.??.??"]
[Round "2.43"]
[White "Farfallini, Michel"]
[Black "Lequeux, Pierre"]
[Result "1-0"]
[WhiteElo "1300"]
[BlackElo "1000"]
[PlyCount "37"]

1. e4 e5 2. Nf3 Nc6 3. Bb5 Nce7 4. d4 a6 5. Bc4 d6 6. Ng5 Be6 7. Bxe6 fxe6 8.
Nxe6 Qd7 9. d5 g6 10. Qf3 Nf6 11. Qxf6 Rg8 12. O-O Nc8 13. Be3 Be7 14. Qf3 c6
15. c4 cxd5 16. cxd5 Na7 17. Qh3 h5 18. Rc1 Qb5 19. Nc7+ 1-0

[Event "Tournoi Skype 010"]
[Site "Skype"]
[Date "????.??.??"]
[Round "2.44"]
[White "Letourneau, Judith"]
[Black "Ryan, Lea"]
[Result "0-1"]
[WhiteElo "1000"]
[BlackElo "1300"]
[PlyCount "22"]

1. e4 e5 2. Nf3 Nc6 3. d3 Bc5 4. Nc3 Nf6 5. Be2 O-O 6. O-O d6 7. Bg5 h6 8. Bxf6
Qxf6 9. h4 Qg6 10. a4 Bh3 11. Kh2 Qxg2# 0-1

[Event "Tournoi Skype 010"]
[Site "Skype"]
[Date "????.??.??"]
[Round "3.1"]
[White "Lambert, Pierre"]
[Black "Ayotte, Jocelyn"]
[Result "1/2-1/2"]
[WhiteElo "1913"]
[BlackElo "2067"]
[PlyCount "49"]

1. e4 c5 2. Nf3 d6 3. Bb5+ Bd7 4. Bxd7+ Qxd7 5. O-O Nc6 6. Re1 g6 7. d4 cxd4 8.
Nxd4 Bg7 9. c3 Nf6 10. h3 O-O 11. Nd2 e5 12. N4f3 d5 13. exd5 Nxd5 14. Ne4 Rad8
15. Bg5 f6 16. Bh4 Qf7 17. Qb3 Nf4 18. Rad1 g5 19. Qxf7+ Kxf7 20. Bg3 Ne6 21.
Nd6+ Ke7 22. Nf5+ Kf7 23. Nd6+ Ke7 24. Nf5+ Kf7 25. Nd6+ 1/2-1/2

[Event "Tournoi Skype 010"]
[Site "Skype"]
[Date "????.??.??"]
[Round "3.2"]
[White "Hervais, Adrien"]
[Black "Hilton, Stephen"]
[Result "1-0"]
[WhiteElo "2038"]
[BlackElo "1937"]
[PlyCount "53"]

1. e4 c5 2. c3 Nf6 3. e5 Nd5 4. d4 cxd4 5. cxd4 d6 6. Nf3 Nc6 7. Bc4 e6 8. O-O
Nb6 9. Bb5 Bd7 10. Nc3 d5 11. Ng5 Be7 12. Qh5 Bxg5 13. Bxg5 Qc7 14. Qg4 a6 15.
Bd3 h5 16. Qh4 g6 17. Rac1 Rc8 18. b4 Qb8 19. a3 Nc4 20. Bxc4 dxc4 21. Ne4 Kf8
22. Nd6 Rc7 23. Qf4 Rh7 24. Nxc4 b5 25. Ne3 Qb6 26. Rc5 a5 27. d5 1-0

[Event "Tournoi Skype 010"]
[Site "Skype"]
[Date "????.??.??"]
[Round "3.3"]
[White "Jacquelin, Norbert"]
[Black "Auger, Bertrand"]
[Result "0-1"]
[WhiteElo "1810"]
[BlackElo "1991"]
[PlyCount "90"]

1. e4 e6 2. d4 d5 3. Nc3 dxe4 4. Nxe4 Bd7 5. Nf3 Bc6 6. Bd3 Nd7 7. c3 Ngf6 8.
Bg5 Be7 9. Nxf6+ Nxf6 10. Qe2 O-O 11. Qc2 h6 12. h4 Bxf3 13. gxf3 c5 14. dxc5
Qd5 15. Bxf6 Bxf6 16. Bh7+ Kh8 17. Be4 Qxc5 18. Bxb7 Rab8 19. Qe4 Qc7 20. Ba6
Rxb2 21. O-O Qe5 22. Qxe5 Bxe5 23. Rfc1 Rd8 24. Rd1 Rdd2 25. Rxd2 Rxd2 26. a4
Bxc3 27. Rc1 Bd4 28. Rc8+ Kh7 29. Kg2 Kg6 30. Bb7 f5 31. Rc6 Rxf2+ 32. Kg3 Re2
33. Rc4 Be5+ 34. f4 Bd6 35. h5+ Kf6 36. Bf3 Rd2 37. Rc8 e5 38. Rc4 e4 39. Bg2
g5 40. hxg6 Kxg6 41. Rc6 Kf7 42. Ra6 Rd3+ 43. Kh4 Be7+ 44. Kh5 Rd2 45. Rg6 Bg5
0-1

[Event "Tournoi Skype 010"]
[Site "Skype"]
[Date "????.??.??"]
[Round "3.4"]
[White "Deville, Olivier"]
[Black "Catherine, Bertrand"]
[Result "1/2-1/2"]
[WhiteElo "1951"]
[BlackElo "1909"]
[PlyCount "47"]

1. Nf3 c5 2. c4 Nf6 3. Nc3 d5 4. cxd5 Nxd5 5. Qa4+ Bd7 6. Qc4 Nb4 7. Nd5 N8c6
8. Nxb4 Nxb4 9. Ne5 e6 10. a3 Nc6 11. Nxd7 Qxd7 12. g3 Qd4 13. Qxd4 Nxd4 14.
Rb1 Nb3 15. d3 Be7 16. Bg2 O-O-O 17. Bd2 Nxd2 18. Kxd2 Kb8 19. Rhc1 Rd7 20. Ke1
Rc8 21. Rc4 Rd4 22. Rbc1 Rxc4 23. Rxc4 Bf6 24. Rc2 1/2-1/2

[Event "Tournoi Skype 010"]
[Site "Skype"]
[Date "????.??.??"]
[Round "3.5"]
[White "Salazar Ticeran, Antonio"]
[Black "Plourde, Alain"]
[Result "1/2-1/2"]
[WhiteElo "1842"]
[BlackElo "1820"]
[PlyCount "85"]

1. e4 e6 2. d4 d5 3. exd5 exd5 4. Be2 Nf6 5. Bg5 Be7 6. Nf3 O-O 7. O-O Nc6 8.
c3 Re8 9. Nbd2 h6 10. Bf4 Bd6 11. Bg3 Bf5 12. Bb5 Re7 13. Bxc6 bxc6 14. b4 Ne4
15. Nxe4 Bxe4 16. Ne5 Bxe5 17. dxe5 Re6 18. f3 Bh7 19. Qd4 f6 20. exf6 Qxf6 21.
Qxf6 gxf6 22. Bxc7 Bd3 23. Rfe1 Rae8 24. Kf2 Rxe1 25. Rxe1 Rxe1 26. Kxe1 h5 27.
Kd2 Bc4 28. a4 a6 29. Ke3 Kf7 30. f4 f5 31. Kd4 Ke6 32. Bd8 Bf1 33. g3 Bc4 34.
Kc5 Kd7 35. Bg5 Bb3 36. a5 Bc4 37. Kd4 Ke6 38. Ke3 Bb5 39. Kf3 Bf1 40. Kf2 Bc4
41. h3 Bb5 42. Kf3 Bf1 43. h4 1/2-1/2

[Event "Tournoi Skype 010"]
[Site "Skype"]
[Date "????.??.??"]
[Round "3.6"]
[White "Belazzoug, Farid"]
[Black "Bourdeau, Yvan"]
[Result "0-1"]
[WhiteElo "1686"]
[BlackElo "1612"]
[PlyCount "48"]

1. d4 Nf6 2. Nf3 b6 3. g3 Bb7 4. Bg2 e6 5. O-O c5 6. c4 d5 7. cxd5 exd5 8. Qa4+
Bc6 9. Qd1 Nbd7 10. Nc3 Ne4 11. Nxe4 dxe4 12. Ng5 Nf6 13. dxc5 Bxc5 14. Qxd8+
Rxd8 15. e3 Bb5 16. Nxe4 Nxe4 17. Bxe4 Bxf1 18. Kxf1 O-O 19. Ke2 Rd6 20. b3
Rfd8 21. Rb1 Bb4 22. Bc2 Rd2+ 23. Bxd2 Rxd2+ 24. Kf1 Rxc2 0-1

[Event "Tournoi Skype 010"]
[Site "Skype"]
[Date "????.??.??"]
[Round "3.7"]
[White "Parmar, Manoj"]
[Black "Murgia, Stefano"]
[Result "1-0"]
[WhiteElo "1483"]
[BlackElo "1769"]
[PlyCount "78"]

1. d4 d6 2. Bf4 f5 3. Nf3 Nf6 4. e3 g6 5. Bd3 Bg7 6. O-O O-O 7. c4 Nh5 8. Bg5
Qe8 9. Nc3 e5 10. dxe5 dxe5 11. e4 f4 12. Nd5 Na6 13. Be7 Rf7 14. Ba3 c6 15.
Nc3 Bg4 16. Be2 Rd8 17. Qb3 h6 18. h3 Be6 19. Rad1 Rfd7 20. Qc2 Nc7 21. Rxd7
Rxd7 22. Rd1 Rxd1+ 23. Qxd1 Bf7 24. b3 g5 25. Qd6 Ne6 26. Nxe5 Bf8 27. Qd1 Bxa3
28. Nxf7 Nf6 29. Nxh6+ Kg7 30. Ng4 Bb4 31. Nxf6 Kxf6 32. Nb1 Bc5 33. Bg4 Nd4
34. Nc3 Qe5 35. Qd3 Bd6 36. f3 Bc5 37. Kh2 Qe7 38. b4 Bxb4 39. Qxd4+ Qe5 1-0

[Event "Tournoi Skype 010"]
[Site "Skype"]
[Date "????.??.??"]
[Round "3.8"]
[White "Legueltel, Daniel"]
[Black "Loyarte, Frederic"]
[Result "1/2-1/2"]
[WhiteElo "1719"]
[BlackElo "1473"]
[PlyCount "64"]

1. d4 Nf6 2. c4 g6 3. Nc3 d6 4. e4 Bg7 5. Be2 O-O 6. Nf3 c5 7. O-O Nc6 8. d5
Ne5 9. Nxe5 dxe5 10. Be3 Qb6 11. Na4 Qc7 12. Qc2 b6 13. Nc3 Ne8 14. Bd3 Nd6 15.
f4 f5 16. fxe5 Bxe5 17. g3 fxe4 18. Rxf8+ Kxf8 19. Rf1+ Kg7 20. Bxe4 Nxe4 21.
Qxe4 Bf5 22. Qh4 Bf6 23. Qh6+ Kg8 24. Bf4 Bd4+ 25. Kg2 Qd7 26. Re1 Re8 27. Nb5
Bg7 28. Qh4 a6 29. Nc7 Bf6 30. Qh6 Bg7 31. Qh4 Bf6 32. Qh6 Bg7 1/2-1/2

[Event "Tournoi Skype 010"]
[Site "Skype"]
[Date "????.??.??"]
[Round "3.9"]
[White "Briere, Jean"]
[Black "Megelas, Florent"]
[Result "0-1"]
[WhiteElo "1465"]
[BlackElo "1711"]
[PlyCount "90"]

1. e4 e5 2. Nf3 Nc6 3. Bb5 a6 4. Bxc6 dxc6 5. d3 Bg4 6. h3 Bxf3 7. Qxf3 Bc5 8.
Be3 Qd6 9. O-O Nf6 10. Nd2 O-O 11. Qg3 Nh5 12. Qg4 Nf4 13. Bxc5 Qxc5 14. c3
Nxd3 15. Rab1 Rad8 16. Qe2 Nf4 17. Qe1 Rd3 18. Rd1 Rfd8 19. Nb3 Qd6 20. Rxd3
Qxd3 21. Nc5 Qb5 22. b4 Ne2+ 23. Kh2 Nxc3 24. a3 b6 25. Nb7 Rd3 26. f3 Qc4 27.
Qc1 Qd4 28. Qc2 Rd2 29. Qc1 Qe3 30. Rg1 Qf4+ 31. Kh1 Ne2 32. Rd1 Nxc1 33. Rxc1
Qg3 34. Rg1 Ra2 35. a4 Kf8 36. Nd8 c5 37. bxc5 bxc5 38. Nc6 f6 39. Na5 h5 40.
Nc4 Re2 41. Na3 g5 42. Nb1 Re1 43. Nd2 Rxg1+ 44. Kxg1 Qe1+ 45. Nf1 c4 0-1

[Event "Tournoi Skype 010"]
[Site "Skype"]
[Date "????.??.??"]
[Round "3.10"]
[White "Saidi, Bhen"]
[Black "Meyer, Eric"]
[Result "0-1"]
[WhiteElo "1465"]
[BlackElo "1646"]
[PlyCount "46"]

1. e4 c5 2. Nf3 d6 3. d4 cxd4 4. Nxd4 Nf6 5. Nc3 g6 6. Bb5+ Bd7 7. Bxd7+ Nbxd7
8. O-O Bg7 9. Nf3 Qa5 10. a3 Rc8 11. b4 Qc7 12. Ra2 Qxc3 13. Bd2 Qc4 14. Qb1
Nxe4 15. Qb3 Nb6 16. Be3 Bc3 17. Bxb6 axb6 18. Qxc4 Rxc4 19. Rd1 O-O 20. g3
Rfc8 21. Kg2 Bg7 22. Nd2 Rd4 23. c4 Nc3 0-1

[Event "Tournoi Skype 010"]
[Site "Skype"]
[Date "????.??.??"]
[Round "3.12"]
[White "Le Brun, Yves"]
[Black "Cossalter, Maurizio"]
[Result "1-0"]
[WhiteElo "1638"]
[BlackElo "1422"]
[PlyCount "55"]

1. d4 d5 2. c4 e6 3. Nc3 Nf6 4. Nf3 Bd6 5. Bg5 c6 6. e3 O-O 7. Bd3 h6 8. Bh4
Nbd7 9. O-O b6 10. cxd5 exd5 11. Bg3 Bxg3 12. fxg3 Re8 13. Qd2 Qe7 14. h3 a6
15. Rae1 Bb7 16. Nh4 Ne4 17. Nxe4 dxe4 18. Bc4 Nf6 19. Nf5 Qc7 20. Nxh6+ gxh6
21. Rxf6 Re7 22. Qf2 Kg7 23. Qf5 Rf8 24. Rf1 Bc8 25. Qf2 b5 26. Bb3 Be6 27.
Bxe6 Rxe6 28. Rxe6 1-0

[Event "Tournoi Skype 010"]
[Site "Skype"]
[Date "????.??.??"]
[Round "3.13"]
[White "De Leener, Luc"]
[Black "Alverson, Ginny"]
[Result "1-0"]
[WhiteElo "1607"]
[BlackElo "1399"]
[PlyCount "63"]

1. e4 c5 2. d4 cxd4 3. c3 Nc6 4. cxd4 Nf6 5. Nc3 e6 6. Bg5 Be7 7. Nf3 O-O 8.
Bxf6 Bxf6 9. e5 Be7 10. Bd3 Qb6 11. Qc2 h6 12. d5 exd5 13. Nxd5 Qa5+ 14. Nc3
Nb4 15. Bh7+ Kh8 16. Qe4 Bc5 17. a3 Nc6 18. O-O d6 19. b4 Nxb4 20. axb4 Qb6 21.
bxc5 Qxc5 22. Rac1 dxe5 23. Nxe5 Be6 24. Bf5 g6 25. Bxe6 fxe6 26. Nxg6+ Kg7 27.
Nxf8 Rxf8 28. Qg4+ Kh7 29. Ne4 Qe7 30. Rc2 Rd8 31. Rfc1 Rd4 32. Rc7 1-0

[Event "Tournoi Skype 010"]
[Site "Skype"]
[Date "????.??.??"]
[Round "3.16"]
[White "Belouin, Alexis"]
[Black "Trivedi, Viral"]
[Result "1-0"]
[WhiteElo "1422"]
[BlackElo "1581"]
[PlyCount "47"]

1. d4 e5 2. dxe5 Qe7 3. Nf3 Nc6 4. e3 Nxe5 5. Nxe5 Qxe5 6. Be2 Bd6 7. Bf3 Nf6
8. Nd2 Bb4 9. c3 Bd6 10. Qb3 c6 11. Nc4 Qc5 12. O-O Bc7 13. e4 O-O 14. Be3 Qe7
15. Bd4 Nxe4 16. Rfe1 Bxh2+ 17. Kxh2 Qh4+ 18. Kg1 d5 19. Bxe4 dxc4 20. Qxc4 Be6
21. Qb4 Rfe8 22. Qxb7 Bxa2 23. Rxa2 f5 24. Qxg7# 1-0

[Event "Tournoi Skype 010"]
[Site "Skype"]
[Date "????.??.??"]
[Round "3.17"]
[White "Gerbaux, Regis"]
[Black "Kumar Pradhan, Soundarya"]
[Result "0-1"]
[WhiteElo "1422"]
[BlackElo "1570"]
[PlyCount "90"]

1. e4 e6 2. d4 d5 3. exd5 exd5 4. Nf3 Bd6 5. Bd3 Qe7+ 6. Qe2 Qxe2+ 7. Kxe2 Nf6
8. Re1 Be6 9. Kf1 Nbd7 10. Nc3 O-O-O 11. Ng5 Nf8 12. h3 h6 13. Nxe6 Nxe6 14.
Nb5 a6 15. Nxd6+ Rxd6 16. Bf5 g6 17. Bxe6+ Rxe6 18. Rxe6 fxe6 19. Bf4 Kd7 20.
f3 h5 21. Bg5 Rf8 22. Bxf6 Rxf6 23. Kf2 b6 24. h4 Kd6 25. Rc1 c5 26. c3 e5 27.
dxe5+ Kxe5 28. Re1+ Kd6 29. b3 a5 30. a4 d4 31. cxd4 cxd4 32. Ke2 Re6+ 33. Kd2
Rxe1 34. Kxe1 Ke5 35. Ke2 Kf4 36. Kd3 Kg3 37. Kxd4 Kxh4 38. f4 Kg3 39. Ke5 Kxg2
40. Kf6 h4 41. Kxg6 h3 42. f5 h2 43. f6 h1=Q 44. f7 Qh8 45. Kf5 Qf8 0-1